000 01282nam0a22002651 4500
001 rc\2242852
005 20110829181740.6
035 _a(NLR Aleph) 006497790
090 _a6199464
_c6199464
100 _a20110829d1979 |||y0rusy50 ca
101 0 _arus
102 _aRU
105 _ay c |||||
200 1 _aВопросы и задачи для программированного обучения по общей химии
_eМетод. указ. для студентов технол. спец.
_fМ-во высш. и сред. спец. образ. КазССР. Науч.-метод. каб.
_g[Подгот. к. х. н. Хамзиной Ф.А., к. х. н. Мясниковой В.Ф., к. х. н. Войлошниковой А.П. и др.]
210 _aАлма-Ата
_cМинвуз КазССР
_d1979
215 _a84 с.
_d20
702 1 _aМясникова
_bВ. Ф.
_4570
702 1 _aВойлошникова
_bА. П.
_4570
702 1 _aХамзина
_bФ. А.
_4570
712 0 1 _aКазССР
_bМ-во высшего и среднего специального образования
_bНаучно-методический кабинет
801 0 _aRU
_bNLR
_gpsbo
801 1 _aRU
_bELAR
_2rusmarc
852 _aNLR
_j79-4/20244
942 _cBOOK
980 _aNB